[Event "24th European Women Club Cup 2019"]
[Site "Ulcinj"]
[Date "2019.11.10"]
[Round "1.18"]
[White "Zimina, Olga"]
[Black "Milovic, Aleksandra"]
[Result "1-0"]
[WhiteElo "2406"]
[BlackElo "2183"]
[Annotator "NA RC"]
[PlyCount "89"]
[EventDate "2019.11.10"]
[EventType "team-tourn"]
[EventCountry "MNE"]
[SourceTitle "playchess.com"]
[Source "ChessBase"]
[SourceQuality "1"]
[WhiteTeam "Pentole Agnelli"]
[BlackTeam "MNE Woman Chess"]
[TimeControl "40/5400+30:1800+30"]

1. Nf3 {[%emt 0:00:00]} e6 {[%emt 0:01:41]} 2. g3 {[%emt 0:00:02]} c5 {[%emt 0:00:55]} 3. c4 {[%emt 0:00:16]} Nc6 {[%emt 0:00:09]} 4. Bg2 {[%emt 0:00:11]} Nf6 {[%emt 0:02:06]} 5. O-O {[%emt 0:00:21]} Be7 {[%emt 0:00:23]} 6. Nc3 {[%emt 0:00:20]} O-O {[%emt 0:00:22]} 7. d4 {[%emt 0:00:23]} cxd4 {[%emt 0:02:14]} 8. Nxd4 {[%emt 0:00:06]} a6 {[%emt 0:01:45]} 9. b3 {[%emt 0:02:37]} Qc7 {[%emt 0:04:43]} 10. Bb2 {[%emt 0:00:07]} d6 {[%emt 0:03:25]} 11. Rc1 {[%emt 0:01:03]} Nxd4 {[%emt 0:29:07]} 12. Qxd4 {[%emt 0:00:49]} Rb8 {[%emt 0:00:08]} 13. Rfd1 {[%emt 0:07:12]} Qc5 {[%emt 0:08:50]} 14. Qxc5 {[%emt 0:07:17]} dxc5 {[%emt 0:00:05]} 15. Na4 {[%emt 0:10:57]} Nd7 {[%emt 0:02:56]} 16. Ba3 {[%emt 0:01:42]} f5 {[%emt 0:12:49]} 17. Rc2 {[%emt 0:04:00]} Rf7 {[%emt 0:05:07]} 18. e4 {[%emt 0:01:54]} fxe4 {[%emt 0:03:45]} 19. Bxe4 {[%emt 0:10:53]} b6 {[%emt 0:00:09]} 20. Bg2 {[%emt 0:01:31]} Bf6 {[%emt 0:04:10]} 21. Rcd2 {[%emt 0:00:56]} Bd4 {[%emt 0:10:37]} 22. Bb2 {[%emt 0:19:21]} Bxb2 {[%emt 0:00:30]} 23. Nxb2 {[%emt 0:00:04]} Ne5 {[%emt 0:01:55]} 24. f4 {[%emt 0:07:11]} Ng4 {[%emt 0:00:50]} 25. Bh3 {[%emt 0:03:56]} h5 {[%emt 0:00:52]} 26. Rd8+ {[%emt 0:04:43]} Rf8 {[%emt 0:00:03]} 27. Bxg4 {[%emt 0:01:55]} hxg4 {[%emt 0:00:09]} 28. Rxf8+ {[%emt 0:00:16]} Kxf8 {[%emt 0:00:03]} 29. Rd8+ {[%emt 0:00:05]} Ke7 {[%emt 0:00:04]} 30. Rg8 {[%emt 0:00:30]} Kf7 {[%emt 0:00:10]} 31. Rh8 {[%emt 0:00:04]} Ra8 {[%emt 0:01:34]} 32. Na4 {[%emt 0:05:25]} Rb8 {[%emt 0:00:39]} 33. Kf2 {[%emt 0:00:35]} Ke7 {[%emt 0:00:24]} 34. Nxb6 {[%emt 0:01:36]} Rxb6 {[%emt 0:00:06]} 35. Rxc8 {[%emt 0:00:05]} Kd6 {[%emt 0:01:25]} 36. Rg8 {[%emt 0:00:54]} Rb7 {[%emt 0:00:14]} 37. Ra8 {[%emt 0:00:07]} Rb6 {[%emt 0:00:16]} 38. Ra7 {[%emt 0:00:04]} g6 {[%emt 0:00:50]} 39. Rg7 {[%emt 0:00:09]} a5 {[%emt 0:00:12]} 40. Rxg6 {[%emt 0:00:00]} a4 {[%emt 0:00:00]} 41. f5 {[%emt 0:01:48]} Kd7 {[%emt 0:01:00]} 42. Rxe6 {[%emt 0:00:26]} Rb8 {[%emt 0:01:46]} 43. Re3 {[%emt 0:02:09]} a3 {[%emt 0:00:57]} 44. Re5 {[%emt 0:00:33]} Rh8 {[%emt 0:03:05]} 45. Kg2 {[%emt 0:00:17]} 1-0

[Event "24th European Women Club Cup 2019"]
[Site "Ulcinj"]
[Date "2019.11.10"]
[Round "1.19"]
[White "Koljevic, Nikolina"]
[Black "Brunello, Marina"]
[Result "0-1"]
[WhiteElo "1902"]
[BlackElo "2378"]
[Annotator "TA"]
[PlyCount "48"]
[EventDate "2019.11.10"]
[EventType "team-tourn"]
[EventCountry "MNE"]
[SourceTitle "playchess.com"]
[Source "ChessBase"]
[SourceQuality "1"]
[WhiteTeam "MNE Woman Chess"]
[BlackTeam "Pentole Agnelli"]

{[%evp 19,120,0,0,-22,-22,-48,-38,-39,-50,-42,-12,-11,-6,-18,-6,-12,6,14,47,14,27,-17,24,-62,-62,-70,-62,-87,-94,-119,-125,-104,-108,-155,-141,-147,-91,-200,-176,-188,-199,-213,-127,-142,-153,-238,-230,-337,-240,-331,-317,-377,-222,-321,-198,-205,-213,-268,-273,-266,-263,-243,-161,-156,-133,-129,-129,-109,-116,-120,-111,-107,-121,-125,-39,-218,-212,-219,-228,-264,-257,-235,-227,-29966,-29963,-29963,-29965,-29966,-29967,-29968,-29970,-29968,-29972,-29968,-29972,-29973,-29974,-29968,-29975,-29971,-29976,-29968,-29976]} 1. e4 c5 2. Nf3 d6 3. d4 cxd4 4. Nxd4 Nf6 5. Nc3 a6 6. g3 e5 7. Nde2 Be7 8. Bg2 O-O 9. O-O b5 10. h3 Nbd7 11. Nd5 {B91: Sicilian Najdorf: 6 g3} Nxd5 12. exd5 Bg5 $146 ({Predecessor:} 12... a5 13. Be3 Ba6 14. Qd2 b4 15. a3 Qb8 16. Rfb1 Rc8 17. Nc1 Nb6 18. b3 bxa3 19. Qxa5 {0-1 (45) Leniart,A (2488)-Swiercz,D (2608) Gorzow Wielkopolski 2014}) 13. f4 {Black is slightly better.} Bf6 14. f5 Nc5 15. Nc3 b4 16. Ne4 Nxe4 17. Bxe4 Bb7 18. Be3 Rc8 19. Qf3 Rc4 20. g4 Bg5 21. Rae1 (21. Bd3 $11 Rc8 22. Bxg5 Qxg5 23. a3) 21... Bxe3+ $15 22. Qxe3 f6 23. Qb3 Qc7 24. Rf2 Rd4 {Played: Qc7-c5} 0-1

[Event "24th European Women Club Cup 2019"]
[Site "Ulcinj"]
[Date "2019.11.10"]
[Round "1.20"]
[White "Tomilova, Elena"]
[Black "Rakic, Tijana"]
[Result "1-0"]
[WhiteElo "2345"]
[BlackElo "1680"]
[Annotator "TA"]
[PlyCount "87"]
[EventDate "2019.11.10"]
[EventType "team-tourn"]
[EventCountry "MNE"]
[SourceTitle "playchess.com"]
[Source "ChessBase"]
[SourceQuality "1"]
[WhiteTeam "Pentole Agnelli"]
[BlackTeam "MNE Woman Chess"]

{[%evp 11,87,13,7,18,25,16,18,0,0,-14,2,2,3,12,4,20,14,2,13,5,20,7,3,0,112,60,86,83,81,80,69,75,137,152,152,141,314,327,313,304,462,455,501,495,464,483,470,437,410,399,372,363,332,261,415,343,347,358,380,379,354,327,440,454,449,402,493,507,504,484,649,647,639,604,5814,0,412,0]} 1. Nf3 c5 2. c4 Nc6 3. Nc3 g6 4. g3 Bg7 5. Bg2 e5 6. d3 Nge7 7. Bd2 {A37: Symmetrical English vs ...g6: 4 Bg2 Bg7 5 Nf3} (7. O-O d6 8. Rb1 O-O 9. a3 a5 10. Bd2 h6 11. Ne1 Be6 12. Nc2 d5 13. cxd5 Nxd5 14. Ne3 Nde7 15. Na4 b6 16. b4 cxb4 17. axb4 b5 18. Nc5 Ba2 19. bxa5 Bxb1 20. Qxb1 {0-1 (69) Ipatov,A (2650)-Melkumyan,H (2653) Saint Louis 2019}) 7... O-O 8. h4 h5 9. Qc1 {The position is equal.} d6 10. Bh6 Nf5 11. Bxg7 Kxg7 12. O-O a6 $146 ({Predecessor:} 12... Bd7 13. Qd2 Rb8 14. e3 a6 {½-½ (23) Goebel,A (2040)-Meinzer,D (2218) Germany 2010}) 13. Rb1 Rb8 14. Ng5 Bd7 15. a3 b5 16. cxb5 axb5 17. b4 Qb6 (17... cxb4 $11 {remains equal.} 18. axb4 Nce7) 18. Nd5 (18. bxc5 $16 Qxc5 19. Nge4) 18... Qa7 19. bxc5 dxc5 20. Ne4 Ncd4 21. Re1 $36 {[%mdl 2048] White is on the roll.} ({Much worse is} 21. Qxc5 Qxc5 22. Nxc5 Nxe2+ 23. Kh2 Rfd8 $11) 21... Rfc8 (21... Bc6 $142 22. Qxc5 Qxc5 23. Nxc5 Bxd5 24. Bxd5 Nc2) 22. Qg5 $16 Be6 23. Qf6+ {[%mdl 64] [#] Double Attack} Kg8 $2 (23... Kh6 $16 {was necessary.}) 24. Qxe5 $18 Bxd5 25. Nf6+ {[%mdl 64] Double Attack, Zwischenzug} ({Weaker is} 25. Qxd5 Qe7 $16) 25... Kf8 (25... Kh8 {was called for.}) 26. Nxd5 {[%cal Re5h8]} Ng7 27. Qd6+ Kg8 28. Ne7+ Kh7 {intending ...Rd8.} 29. Nxc8 Rxc8 30. Qd5 Rc7 31. Qa2 b4 32. a4 b3 (32... Nb5 {is a better defense.} 33. Rbc1 Nc3 34. Rxc3 {[%mdl 64] Clearance} bxc3) 33. Rxb3 Nxb3 34. Qxb3 Nf5 35. e3 Qa5 36. Ra1 Nd6 37. Bd5 Ra7 38. Kg2 Qd8 39. e4 Qf6 40. Re1 Qd4 41. e5 Nf5 42. Re4 Nd6 43. Re1 (43. Rxd4 $142 {White threatens Qb8 and mate.} cxd4 44. exd6 Kg7 45. Qb5 g5 46. d7 gxh4 47. d8=Q h3+ 48. Kxh3) 43... Nf5 $1 44. Re4 $2 {[%mdl 32768] Accuracy: White = 73%, Black = 44%. . Loss on time!?} (44. Bxf7 $18 Qg4 45. Bg8+ Kh6 46. Be6 Nxh4+ 47. Kf1) 1-0

[Event "24th European Women Club Cup 2019"]
[Site "Ulcinj"]
[Date "2019.11.10"]
[Round "1.21"]
[White "Fataliyeva, Ulviyya"]
[Black "Lahav, Michal"]
[Result "1-0"]
[WhiteElo "2368"]
[BlackElo "2221"]
[Annotator "TA"]
[PlyCount "109"]
[EventDate "2019.11.10"]
[EventType "team-tourn"]
[EventCountry "MNE"]
[SourceTitle "playchess.com"]
[Source "ChessBase"]
[SourceQuality "1"]
[WhiteTeam "Odlar Yurdu"]
[BlackTeam "Rishon Lezion"]

{[%evp 23,109,10,43,6,16,-10,-2,-27,-13,-31,-36,-46,-27,-27,-27,-27,-27,-23,6,7,12,0,11,4,151,158,165,165,158,146,208,214,205,209,201,210,222,211,245,227,361,376,369,369,374,376,371,360,376,360,376,338,360,360,349,266,360,235,235,235,235,212,605,581,976,855,4252,2357,29963,29963,29966,29965,29962,29965,29963,29958,29970,29972,29972,29973,29972,29971,29972,29973,29971,29970,29953,29938]} 1. b3 Nf6 2. Bb2 e6 3. Nf3 c5 4. g3 Be7 5. Bg2 O-O 6. O-O Nc6 7. e3 d5 8. c4 b6 9. Nc3 Bb7 10. cxd5 Nxd5 11. Nxd5 Qxd5 12. d4 Na5 13. e4 {A14: English Opening: 1...e6 with b3 by White} (13. Rc1 {keeps more tension.} Rac8 14. Ba3 Rfd8 15. Qe2 Qh5 16. dxc5 Nc6 17. Rfd1) (13. dxc5 Bxc5 14. Bc3 Be7 15. Qxd5 Bxd5 16. Bxa5 bxa5 17. Nd4 Bxg2 18. Kxg2 Rac8 19. Rac1 Bc5 20. Rc4 Bxd4 21. Rxd4 {½-½ (78) Leon Hoyos,M (2579)-Djukic,N (2523) Istanbul 2012}) 13... Qh5 14. Qe2 $146 ({Predecessor:} 14. dxc5 Bxc5 15. b4 Rfd8 16. Qb1 Bxb4 17. Bxg7 Kxg7 18. Qxb4 Rac8 19. Rac1 Qh6 20. Qb2+ Qf6 {0-1 (34) Espig,L (2329)-Zier,O (2154) Nuremberg 2012}) 14... cxd4 15. Bxd4 {The position is equal.} Nc6 16. Bc3 Nb4 17. Rfd1 Rfd8 18. Rxd8+ Rxd8 19. Rd1 Rxd1+ 20. Qxd1 {Black must now prevent Qd7.} Qb5 (20... Bxe4 $2 21. Qd4 $1 $18 {[%mdl 512]}) 21. Qd2 h6 22. Ne5 Na6 23. Bf3 $36 {[%mdl 2048] White has the initiative.} Bf6 {[#]} (23... Nc5 $11) 24. Bh5 $1 $16 {[%cal Rh5f7]} Bxe4 ({Worse is} 24... Bxe5 25. Qd8+ Kh7 26. Bxf7 Qe8 27. Qxe8 h5 28. Bxe5 Bxe4 29. Qg8+ Kh6 30. Qxg7#) 25. Bxf7+ {[%mdl 64] Double Attack} Kh7 26. Ng4 Qd3 (26... Bxc3 27. Qd8 Qf1+ 28. Kxf1 Bg2+ 29. Kxg2 g6 30. Qg8#) (26... Qd5 $16 27. Qxd5 (27. Nxf6+ gxf6 28. Qxd5 Bxd5 $16) 27... Bxd5 28. Bxf6 (28. Nxf6+ gxf6 29. Bxf6 Nb4 $16) 28... gxf6) 27. Qxd3 Bxd3 28. Nxf6+ gxf6 29. Bxf6 $18 {[%mdl 4096] Endgame KBB-KBN} Bf5 30. f3 Nc5 31. Bd4 Bb1 (31... Nb7 {might work better.} 32. Be5 Nc5) 32. Bxc5 bxc5 {KB-KB} 33. a3 e5 34. Kf2 Kg7 35. Bd5 Kf6 36. Ke3 Bf5 37. f4 Bd7 38. Kf3 h5 39. Ke3 Bf5 40. Bf3 Bg6 41. h3 a5 42. g4 hxg4 $2 (42... Bc2 43. fxe5+ (43. gxh5 exf4+ 44. Kxf4 Bxb3 $18) 43... Kxe5) 43. hxg4 exf4+ 44. Kxf4 Bc2 45. Bd5 a4 46. bxa4 {White mates.} Bxa4 47. Bc4 Bc2 48. g5+ Kg7 49. Be6 Bd3 50. Bf5 Bb5 51. Ke5 c4 52. Kd4 Ba6 53. Kc5 c3 54. Kd4 Bc8 55. Bc2 {Accuracy: White = 75%, Black = 36%.} 1-0

[Event "24th European Women Club Cup 2019"]
[Site "Ulcinj"]
[Date "2019.11.10"]
[Round "1.22"]
[White "Reprun, Nadejda"]
[Black "Mammadova, Gulnar"]
[Result "0-1"]
[WhiteElo "1989"]
[BlackElo "2369"]
[Annotator "TA"]
[PlyCount "58"]
[EventDate "2019.11.10"]
[EventType "team-tourn"]
[EventCountry "MNE"]
[SourceTitle "playchess.com"]
[Source "ChessBase"]
[SourceQuality "1"]
[WhiteTeam "Rishon Lezion"]
[BlackTeam "Odlar Yurdu"]

{[%evp 15,58,12,12,11,29,3,10,10,30,32,28,27,34,35,33,27,37,24,32,29,45,38,58,50,36,38,59,14,38,0,1,-102,-100,-194,-193,-561,-555,-545,-567,-518,-470,-831,-819,-828,-822]} 1. e4 e6 2. d4 d5 3. Nd2 Be7 4. Ngf3 Nf6 5. e5 Nfd7 6. Bd3 c5 7. c3 Nc6 8. O-O a5 9. a4 {C06: French Tarrasch: 3...Nf6 4 e5 Nfd7 5 Bd3 main lines} (9. Re1 cxd4 10. cxd4 Qb6 11. a4 Nxd4 12. Nxd4 Qxd4 13. Nf3 Qb6 14. Be3 Nc5 15. Bb5+ Bd7 16. Nd4 Bxb5 17. Nxb5 O-O 18. Qg4 Rfc8 {0-1 (33) Naroditsky,D (2631)-So,W (2779) ICC INT 2015}) 9... O-O 10. Re1 cxd4 11. cxd4 {The position is equal.} f6 12. exf6 Nxf6 13. Nb1 $146 ({Predecessor:} 13. Nb3 Bd6 14. Bg5 Bd7 15. Ne5 Nb4 16. Bb1 Qc7 {½-½ (37) Obukhov,G (1847)-Le Duigou,J (1696) LSS email 2014}) 13... Nb4 14. Nc3 Nxd3 15. Qxd3 Bd7 16. Bg5 Ra6 17. Re2 Be8 18. Ne5 Nh5 19. Bxe7 Qxe7 20. g3 Nf6 21. Rae1 Rb6 22. f4 Qb4 23. Qd1 (23. Qe3 $11) 23... Bh5 $17 24. g4 (24. Nb5 $17) 24... Nxg4 $19 25. Rg2 $2 {[#]} (25. Qd2) 25... Nxe5 {Black is clearly winning.} 26. Qxh5 Qxd4+ 27. Kh1 Ng6 28. Rxg6 (28. Rf1 $142) 28... hxg6 29. Qxg6 Qxf4 {Accuracy: White = 38%, Black = 53%.} 0-1

[Event "24th European Women Club Cup 2019"]
[Site "Ulcinj"]
[Date "2019.11.10"]
[Round "1.23"]
[White "Balajayeva, Khanim"]
[Black "Federovski, Adi"]
[Result "1-0"]
[WhiteElo "2368"]
[BlackElo "2005"]
[Annotator "TA"]
[PlyCount "115"]
[EventDate "2019.11.10"]
[EventType "team-tourn"]
[EventCountry "MNE"]
[SourceTitle "playchess.com"]
[Source "ChessBase"]
[SourceQuality "1"]
[WhiteTeam "Odlar Yurdu"]
[BlackTeam "Rishon Lezion"]

{[%evp 20,115,55,42,51,43,43,38,41,42,37,44,27,26,31,28,55,54,79,74,62,68,75,86,108,97,111,110,107,111,113,125,102,95,253,253,350,334,358,344,338,334,326,221,220,147,147,65,127,120,145,143,127,129,123,133,137,131,128,48,144,148,159,159,150,145,143,105,206,204,186,200,242,245,272,264,272,230,272,231,220,219,781,789,802,787,770,721,1891,1694,2044,1743,2059,1834,29986,29983,29979,217]} 1. e4 d6 2. d4 Nf6 3. Nc3 g6 4. Nf3 Bg7 5. Be2 O-O 6. O-O c6 7. a4 Qc7 8. a5 e5 9. dxe5 dxe5 10. Be3 Nbd7 11. h3 Re8 {B08: Pirc Defence: Classical System} (11... Rd8 12. Qb1 Nf8 13. Qa2 Be6 14. Qa3 h6 15. Rfd1 Rxd1+ 16. Rxd1 N8d7 17. Nd2 Bf8 18. Qa4 Qc8 19. Bc4 Nc5 20. Qa2 Bxc4 21. Qxc4 {½-½ (35) Antoniewski,R (2521)-Kuzmicz,K (2460) Poland 2018}) 12. Bc4 Nf8 $1 13. Ng5 Be6 {White is slightly better.} 14. Nxe6 Nxe6 15. Bxe6 Rxe6 16. Qe2 Bf8 17. Qc4 $36 {[%mdl 2048] White is pushing.} Qe7 18. Na4 $146 ({Predecessor:} 18. Ra4 Nd7 {1-0 (46) Zaragatski,I (2334)-Both,E (2215) Goch 2004}) 18... Qb4 19. Qxb4 Bxb4 20. c3 $1 {[%cal Rc3b4]} Bf8 21. f3 Rd6 22. Rfd1 Ne8 23. Bc5 Rdd8 24. Bxf8 Kxf8 25. Nc5 Nd6 26. a6 {[%cal Ba5a6,Ba6b7][%mdl 32]} b5 $2 (26... bxa6 $16 27. Rxa6 Nc4 28. Rxd8+ Rxd8) 27. Nb7 $18 Nxb7 28. axb7 Rxd1+ 29. Rxd1 {[%mdl 4096] Endgame KR-KR} Rb8 30. Rd7 Kg7 31. Rc7 c5 32. f4 ({But not} 32. Rxc5 $6 Rxb7 33. Rxe5 a5 $16) 32... Kf6 33. Rc6+ (33. g3 $16) 33... Ke7 (33... Kg7 $14) 34. Rxc5 $16 Rxb7 35. Rxe5+ Kf6 36. Kf2 a5 37. Rc5 Rb6 38. Ke3 a4 39. Rd5 (39. Kd3 $16) 39... Ke6 (39... b4 $1 $14) 40. Rd4 a3 41. bxa3 Ra6 42. Rb4 Rxa3 43. Kd4 Ra2 {[#]} (43... Ra5 $16 44. g4 h6) 44. g4 $1 $18 ({Much less strong is} 44. Rxb5 $6 Rd2+ 45. Kc4 Rxg2 $16) 44... Rd2+ {[#]} 45. Ke3 $1 Rc2 46. Kd3 ({Less strong is} 46. Rxb5 Rxc3+ 47. Kd4 Rxh3 $14) 46... Rh2 47. Rxb5 Rxh3+ 48. Kd4 Rh4 49. Rb6+ Ke7 50. Rb7+ Kf6 $2 (50... Ke8 51. g5 Rxf4) 51. g5+ Ke6 52. Rb6+ Kd7 53. Ke5 h5 54. Rb7+ Ke8 55. c4 Rg4 56. c5 h4 57. c6 Rg2 58. Rb8+ {Accuracy: White = 81%, Black = 43%.} 1-0

[Event "24th European Women Club Cup 2019"]
[Site "Ulcinj"]
[Date "2019.11.10"]
[Round "1.24"]
[White "Vardi, Shlomit"]
[Black "Mamedjarova, Zeinab"]
[Result "0-1"]
[WhiteElo "1935"]
[BlackElo "2280"]
[Annotator "NA"]
[PlyCount "76"]
[EventDate "2019.11.10"]
[EventType "team-tourn"]
[EventCountry "MNE"]
[SourceTitle "playchess.com"]
[Source "ChessBase"]
[SourceQuality "1"]
[WhiteTeam "Rishon Lezion"]
[BlackTeam "Odlar Yurdu"]
[TimeControl "40/5400+30:1800+30"]

1. e4 {[%emt 0:00:00]} e5 {[%emt 0:00:00]} 2. Nf3 {[%emt 0:00:00]} Nc6 {[%emt 0:00:00]} 3. Bc4 {[%emt 0:00:01]} Nf6 {[%emt 0:00:14]} 4. d3 {[%emt 0:00:30]} Bc5 {[%emt 0:00:32]} 5. O-O {[%emt 0:01:39]} O-O {[%emt 0:02:19]} 6. c3 {[%emt 0:01:37]} Bb6 {[%emt 0:00:27]} 7. Re1 {[%emt 0:03:43]} d6 {[%emt 0:01:03]} 8. h3 {[%emt 0:06:15]} Be6 {[%emt 0:02:53]} 9. Nbd2 {[%emt 0:00:39]} a6 {[%emt 0:02:40]} 10. a4 {[%emt 0:18:21]} Qd7 {[%emt 0:05:00]} 11. Bxe6 {[%emt 0:01:28]} fxe6 {[%emt 0:01:03]} 12. Nc4 {[%emt 0:01:21]} Ba7 {[%emt 0:00:17]} 13. Be3 {[%emt 0:03:25]} Kh8 {[%emt 0:07:58]} 14. Bxa7 {[%emt 0:19:33]} Rxa7 {[%emt 0:00:13]} 15. d4 {[%emt 0:00:51]} exd4 {[%emt 0:01:27]} 16. cxd4 {[%emt 0:00:56]} Raa8 {[%emt 0:01:50]} 17. a5 {[%emt 0:05:01]} Rae8 {[%emt 0:12:56]} 18. Ra3 {[%emt 0:06:12]} Qe7 {[%emt 0:15:45]} 19. Qb3 {[%emt 0:07:34]} Rb8 {[%emt 0:02:44]} 20. d5 {[%emt 0:05:17]} Na7 {[%emt 0:00:28]} 21. Qd3 {[%emt 0:01:41]} Nb5 {[%emt 0:02:11]} 22. Raa1 {[%emt 0:00:11]} Nh5 {[%emt 0:00:53]} 23. dxe6 {[%emt 0:03:52]} Nf4 {[%emt 0:00:27]} 24. Qf1 {[%emt 0:01:20]} Nxh3+ {[%emt 0:00:41]} 25. Kh2 {[%emt 0:02:26]} Rxf3 {[%emt 0:07:49]} 26. gxf3 {[%emt 0:01:34]} Nf4 {[%emt 0:00:04]} 27. Qh1 {[%emt 0:02:28]} Nd4 {[%emt 0:04:06]} 28. Ne3 {[%emt 0:01:04]} Rf8 {[%emt 0:05:09]} 29. Kg1 {[%emt 0:01:46]} Qg5+ {[%emt 0:00:31]} 30. Kf1 {[%emt 0:00:18]} Qb5+ {[%emt 0:01:06]} 31. Kg1 {[%emt 0:00:21]} Nde2+ {[%emt 0:03:34]} 32. Rxe2 {[%emt 0:00:47]} Nxe2+ {[%emt 0:00:11]} 33. Kg2 {[%emt 0:00:06]} Nf4+ {[%emt 0:00:57]} 34. Kg1 {[%emt 0:00:15]} Nxe6 {[%emt 0:01:09]} 35. Nf5 {[%emt 0:02:19]} g6 {[%emt 0:02:21]} 36. Qh6 {[%emt 0:01:01]} gxf5 37. Qxe6 {[%emt 0:00:53]} fxe4 {[%emt 0:00:16]} 38. Qxe4 {[%emt 0:00:13]} Rg8+ {[%emt 0:00:09]} 0-1

[Event "24th European Women Club Cup 2019"]
[Site "Ulcinj"]
[Date "2019.11.10"]
[Round "1.25"]
[White "Len, Irina"]
[Black "Shuvalova, Polina"]
[Result "0-1"]
[WhiteElo "2036"]
[BlackElo "2434"]
[Annotator "NA RC"]
[PlyCount "90"]
[EventDate "2019.11.10"]
[EventType "team-tourn"]
[EventCountry "MNE"]
[SourceTitle "playchess.com"]
[Source "ChessBase"]
[SourceQuality "1"]
[WhiteTeam "Hertzeliya"]
[BlackTeam "Novy Bor"]
[TimeControl "40/5400+30:1800+30"]

1. d4 {[%emt 0:00:00]} Nf6 {[%emt 0:00:00]} 2. c4 {[%emt 0:00:01]} e6 {[%emt 0:00:00]} 3. Nf3 {[%emt 0:00:05]} d5 {[%emt 0:00:00]} 4. Nc3 {[%emt 0:00:21]} a6 {[%emt 0:03:46]} 5. cxd5 {[%emt 0:01:20]} exd5 {[%emt 0:00:09]} 6. Bg5 {[%emt 0:00:10]} Be7 {[%emt 0:01:41]} 7. Qb3 {[%emt 0:03:28]} c6 {[%emt 0:01:41]} 8. e3 {[%emt 0:00:27]} O-O {[%emt 0:02:36]} 9. Bd3 {[%emt 0:01:56]} Nbd7 {[%emt 0:01:04]} 10. O-O {[%emt 0:00:29]} h6 {[%emt 0:04:22]} 11. Bh4 {[%emt 0:03:07]} Ne4 {[%emt 0:07:03]} 12. Bxe7 {[%emt 0:05:57]} Qxe7 {[%emt 0:00:04]} 13. Qc2 {[%emt 0:06:01]} Re8 {[%emt 0:03:55]} 14. Rab1 {[%emt 0:00:49]} Ndf6 {[%emt 0:05:51]} 15. Ne5 {[%emt 0:05:34]} Bf5 {[%emt 0:10:46]} 16. Na4 {[%emt 0:04:18]} g6 {[%emt 0:05:59]} 17. b4 {[%emt 0:08:45]} Nd6 {[%emt 0:03:04]} 18. Bxf5 {[%emt 0:04:18]} Nxf5 {[%emt 0:01:02]} 19. Nc5 {[%emt 0:00:11]} Nd6 {[%emt 0:02:48]} 20. Rb3 {[%emt 0:01:55]} Kg7 {[%emt 0:02:01]} 21. a4 {[%emt 0:04:14]} h5 {[%emt 0:00:39]} 22. f3 {[%emt 0:00:15]} h4 {[%emt 0:06:19]} 23. Qf2 {[%emt 0:10:29]} Rh8 {[%emt 0:01:49]} 24. Re1 {[%emt 0:01:22]} Qc7 {[%emt 0:04:13]} 25. a5 {[%emt 0:02:20]} Rae8 {[%emt 0:01:11]} 26. e4 {[%emt 0:02:53]} h3 {[%emt 0:02:59]} 27. g3 {[%emt 0:04:32]} Nb5 {[%emt 0:03:29]} 28. Ned3 {[%emt 0:05:28]} dxe4 {[%emt 0:00:43]} 29. fxe4 {[%emt 0:00:14]} Rd8 {[%emt 0:06:34]} 30. Nf4 {[%emt 0:04:40]} Nxd4 {[%emt 0:06:10]} 31. Rd3 {[%emt 0:01:38]} Qe5 {[%emt 0:01:16]} 32. Nxb7 {[%emt 0:03:03]} Ng4 {[%emt 0:02:03]} 33. Qa2 {[%emt 0:04:23]} Rb8 {[%emt 0:00:48]} 34. Qc4 {[%emt 0:02:42]} g5 {[%emt 0:02:17]} 35. Rxd4 {[%emt 0:00:20]} gxf4 {[%emt 0:04:30]} 36. Rd7 {[%emt 0:01:15]} Rhf8 {[%emt 0:01:55]} 37. Nd6 {[%emt 0:01:16]} Qb2 {[%emt 0:01:25]} 38. Nf5+ {[%emt 0:01:30]} Kg8 {[%emt 0:00:20]} 39. Ne7+ {[%emt 0:00:40]} Kh7 {[%emt 0:00:22]} 40. Qe2 {[%emt 0:00:00]} Qxe2 {[%emt 0:00:00]} 41. Rxe2 {[%emt 0:01:34]} Rxb4 {[%emt 0:05:29]} 42. Rd1 {[%emt 0:02:27]} f3 {[%emt 0:03:05]} 43. Red2 {[%emt 0:05:01]} Rxe4 {[%emt 0:05:00]} 44. Nxc6 {[%emt 0:03:45]} Rc8 {[%emt 0:03:19]} 45. Nd8 {[%emt 0:00:44]} Re2 {[%emt 0:03:07]} 0-1

[Event "24th European Women Club Cup 2019"]
[Site "Ulcinj"]
[Date "2019.11.10"]
[Round "1.26"]
[White "Bulmaga, Irina"]
[Black "Haitovich, Avital"]
[Result "1-0"]
[WhiteElo "2435"]
[BlackElo "1998"]
[Annotator "NA RC"]
[PlyCount "61"]
[EventDate "2019.11.10"]
[EventType "team-tourn"]
[EventCountry "MNE"]
[SourceTitle "playchess.com"]
[Source "ChessBase"]
[SourceQuality "1"]
[WhiteTeam "Novy Bor"]
[BlackTeam "Hertzeliya"]
[TimeControl "40/5400+30:1800+30"]

1. e4 {[%emt 0:00:00]} c5 {[%emt 0:00:00]} 2. Be2 {[%emt 0:00:00]} d6 {[%emt 0:01:28]} 3. f4 {[%emt 0:00:04]} Nc6 {[%emt 0:01:05]} 4. Nf3 {[%emt 0:00:08]} g6 {[%emt 0:03:47]} 5. O-O Bg7 {[%emt 0:00:08]} 6. c3 {[%emt 0:00:16]} Nf6 {[%emt 0:02:19]} 7. d3 {[%emt 0:00:08]} O-O {[%emt 0:00:37]} 8. Kh1 {[%emt 0:00:05]} Rb8 {[%emt 0:03:25]} 9. Be3 {[%emt 0:00:17]} c4 {[%emt 0:15:41]} 10. Nbd2 {[%emt 0:04:58]} cxd3 {[%emt 0:02:12]} 11. Bxd3 {[%emt 0:00:05]} b6 {[%emt 0:07:43]} 12. Qe1 {[%emt 0:03:44]} Qc7 {[%emt 0:18:30]} 13. Qh4 {[%emt 0:04:13]} Ng4 {[%emt 0:03:44]} 14. Bg1 {[%emt 0:00:57]} Bf6 {[%emt 0:10:03]} 15. Qg3 {[%emt 0:02:02]} Bg7 {[%emt 0:02:07]} 16. h3 {[%emt 0:05:22]} Nf6 {[%emt 0:01:00]} 17. Be3 {[%emt 0:01:20]} e5 18. f5 Ne7 {[%emt 0:13:09]} 19. Nh2 {[%emt 0:17:41]} d5 20. Ng4 {[%emt 0:11:35]} Nxg4 {[%emt 0:05:13]} 21. hxg4 {[%emt 0:00:36]} f6 {[%emt 0:02:29]} 22. fxg6 {[%emt 0:05:40]} hxg6 {[%emt 0:01:17]} 23. exd5 {[%emt 0:00:02]} Qd7 {[%emt 0:01:16]} 24. Bc4 {[%emt 0:02:51]} Nxd5 {[%emt 0:01:46]} 25. Rad1 {[%emt 0:00:40]} Qf7 {[%emt 0:00:07]} 26. Ne4 {[%emt 0:00:25]} Rd8 {[%emt 0:02:16]} 27. Ng5 {[%emt 0:00:30]} Qb7 {[%emt 0:00:25]} 28. Qf3 {[%emt 0:00:30]} fxg5 {[%emt 0:01:18]} 29. Rxd5 {[%emt 0:00:20]} Rf8 {[%emt 0:00:51]} 30. Qxf8+ {[%emt 0:00:20]} Bxf8 {[%emt 0:00:19]} 31. Rd7+ {[%emt 0:00:05]} 1-0